Management thinkers

The Practice of Management created the discipline of modern management practices. Readable, fundamental, and basic, it remains an essential book for students, aspiring managers, and seasoned professionals

Guardado en:
Detalles Bibliográficos
Formato: Libro
Lenguaje:Undetermined
Publicado: Harmondsworth Penguin 1970
Materias:
Etiquetas: Agregar Etiqueta
Sin Etiquetas, Sea el primero en etiquetar este registro!
Thư viện lưu trữ: Trung tâm Học liệu Trường Đại học Cần Thơ
LEADER 00724nam a2200181Ia 4500
001 CTU_218863
008 210402s9999 xx 000 0 und d
082 |a 658 
082 |b M266 
245 0 |a Management thinkers 
245 0 |c Edited by Anthony Tillett, Thomas Kempner and Gordon Wills 
260 |a Harmondsworth 
260 |b Penguin 
260 |c 1970 
520 |a The Practice of Management created the discipline of modern management practices. Readable, fundamental, and basic, it remains an essential book for students, aspiring managers, and seasoned professionals 
650 |a Industrial management,Quản trị sản xuất 
904 |i Nguyên 
980 |a Trung tâm Học liệu Trường Đại học Cần Thơ